[Event "Hull CC-chB"]
[Site "Gatineau CAN"]
[Date "2009.04.14"]
[Round "1"]
[White "Beriault, Silvain"]
[Black "Dagenais, Benoit"]
[Result "1-0"]
[WhiteElo "1699"]
[BlackElo "1138"]
[PlyCount "113"]
[GameId "2160767910157242"]
[EventDate "2009.04.14"]
[EventType "swiss"]
[EventRounds "5"]
[EventCountry "CAN"]
[SourceTitle "EXT 2011"]
[Source "ChessBase"]
[SourceDate "2011.11.26"]
[SourceVersion "1"]
[SourceVersionDate "2011.11.26"]
[SourceQuality "1"]

1. d4 d5 2. c4 c6 3. Nf3 Bg4 4. e3 Nf6 5. Nbd2 g6 6. Bd3 Bg7 7. h3 Be6 8. O-O O-O 9. Qb3 Qb6 10. Qxb6 axb6 11. b3 Nbd7 12. Bb2 Ne8 13. Ng5 Nc7 14. Nxe6 fxe6 15. Nf3 c5 16. a4 Ra7 17. Rfd1 Rfa8 18. Rac1 Ra5 19. Bc3 R5a7 20. Be2 Rd8 21. dxc5 bxc5 22. Bxg7 Kxg7 23. Ng5 Nf6 24. cxd5 Ra5 25. Nxe6+ Nxe6 26. dxe6 Rxd1+ 27. Rxd1 b6 28. Rd8 Ne4 29. Rb8 Nc3 30. Bc4 b5 31. Bxb5 Nxb5 32. Rxb5 Ra6 33. Rxc5 Rxe6 34. Kf1 Rb6 35. Rc3 Kf6 36. Ke2 Ke6 37. Kd2 Kd7 38. Kc2 Ra6 39. Rc4 Kd6 40. Rh4 Rc6+ 41. Kb2 h5 42. b4 Kd5 43. a5 g5 44. Rxh5 e5 45. Rxg5 Ke4 46. Rg8 Kf5 47. f3 e4 48. g4+ Ke6 49. Rg6+ Kd5 50. Rxc6 exf3 51. Rf6 Ke4 52. a6 Kxe3 53. a7 f2 54. a8=Q Ke2 55. Qf3+ Ke1 56. Qxf2+ Kd1 57. Rd6# 1-0

[Event "Hull CC-chB"]
[Site "Gatineau CAN"]
[Date "2009.04.14"]
[Round "1"]
[White "Berthiaume, Serge"]
[Black "Van Dusen, Eric"]
[Result "0-1"]
[WhiteElo "1303"]
[BlackElo "1830"]
[PlyCount "92"]
[GameId "2160767910157243"]
[EventDate "2009.04.14"]
[EventType "swiss"]
[EventRounds "5"]
[EventCountry "CAN"]
[SourceTitle "EXT 2011"]
[Source "ChessBase"]
[SourceDate "2011.11.26"]
[SourceVersion "1"]
[SourceVersionDate "2011.11.26"]
[SourceQuality "1"]

1. d4 g6 2. e4 Bg7 3. Nf3 d6 4. Be3 Nd7 5. Bc4 e6 6. Nc3 Ne7 7. Qd2 a6 8. Bh6 O-O 9. Bxg7 Kxg7 10. O-O-O b5 11. Bd3 Bb7 12. g4 b4 13. Ne2 Nf6 14. Ng3 a5 15. Qf4 a4 16. Nh5+ gxh5 17. gxh5 Ng6 18. h6+ Kh8 19. Qe3 b3 20. a3 bxc2 21. Bxc2 Qd7 22. Rhg1 Qc6 23. Kb1 Qb6 24. e5 Nd5 25. Qd2 Ndf4 26. Ne1 dxe5 27. dxe5 Bd5 28. Nd3 Rad8 29. Nxf4 Ba2+ 30. Kxa2 Rxd2 31. Rxd2 Nxf4 32. Rgd1 Nd5 33. Bxa4 Ra8 34. Bb3 c6 35. Rg1 Rb8 36. Rd3 Qxf2 37. Rdg3 Qd2 38. Rg7 Qxh6 39. Rxf7 Qxh2 40. Rc1 Qxe5 41. Rxc6 Qh5 42. Ra7 Qf3 43. Bc2 Nb4+ 44. axb4 Qxc6 45. Rxh7+ Kg8 46. Rh4 Qxc2 0-1

[Event "Hull CC-chB"]
[Site "Gatineau CAN"]
[Date "2009.04.14"]
[Round "1"]
[White "Duret, Serge"]
[Black "Baril Boudreau, Felix"]
[Result "0-1"]
[WhiteElo "1007"]
[BlackElo "1546"]
[PlyCount "72"]
[GameId "2160767910157244"]
[EventDate "2009.04.14"]
[EventType "swiss"]
[EventRounds "5"]
[EventCountry "CAN"]
[SourceTitle "EXT 2011"]
[Source "ChessBase"]
[SourceDate "2011.11.26"]
[SourceVersion "1"]
[SourceVersionDate "2011.11.26"]
[SourceQuality "1"]

1. e4 c5 2. Nf3 Nc6 3. d4 cxd4 4. Nxd4 g6 5. Nc3 Bg7 6. Be3 Nf6 7. f3 Qb6 8. b3 O-O 9. Bc4 e5 10. Na4 Qa5+ 11. Bd2 Qd8 12. Nxc6 dxc6 13. Nc3 b5 14. Bd3 Nh5 15. O-O f5 16. a4 b4 17. Na2 a5 18. Bc4+ Kh8 19. c3 Ba6 20. cxb4 Bxc4 21. bxc4 Qd4+ 22. Kh1 fxe4 23. bxa5 exf3 24. Rxf3 Rxf3 25. gxf3 Rd8 26. Qc1 Qxd2 27. Qxd2 Rxd2 28. Nb4 c5 29. Nc6 Rd6 30. Nb8 e4 31. Re1 Rd8 32. Nc6 Rd6 33. Nb8 Be5 34. Rxe4 Rd1+ 35. Kg2 Nf4+ 36. Kg3 Nd3+ 0-1

[Event "Hull CC-chB"]
[Site "Gatineau CAN"]
[Date "2009.04.14"]
[Round "1"]
[White "Guimond, Michel"]
[Black "Arsenault, Yves"]
[Result "1-0"]
[WhiteElo "1907"]
[BlackElo "1430"]
[PlyCount "27"]
[GameId "2160767910157245"]
[EventDate "2009.04.14"]
[EventType "swiss"]
[EventRounds "5"]
[EventCountry "CAN"]
[SourceTitle "EXT 2011"]
[Source "ChessBase"]
[SourceDate "2011.11.26"]
[SourceVersion "1"]
[SourceVersionDate "2011.11.26"]
[SourceQuality "1"]

1. e4 c5 2. Nf3 Nc6 3. d4 cxd4 4. Nxd4 Nf6 5. Nc3 e6 6. a3 Bc5 7. Ndb5 d6 8. b4 Nxb4 9. axb4 Bxb4 10. Ba3 Bxc3+ 11. Nxc3 d5 12. e5 Qa5 13. Qd2 Ne4 14. Nxe4 1-0

[Event "Hull CC-chB"]
[Site "Gatineau CAN"]
[Date "2009.04.14"]
[Round "1"]
[White "Jani, Louis"]
[Black "Groleau, Gilles"]
[Result "0-1"]
[WhiteElo "1435"]
[BlackElo "1885"]
[PlyCount "82"]
[GameId "2160767910157246"]
[EventDate "2009.04.14"]
[EventType "swiss"]
[EventRounds "5"]
[EventCountry "CAN"]
[SourceTitle "EXT 2011"]
[Source "ChessBase"]
[SourceDate "2011.11.26"]
[SourceVersion "1"]
[SourceVersionDate "2011.11.26"]
[SourceQuality "1"]

1. f4 d5 2. Nf3 Nf6 3. e3 Bg4 4. Be2 Nbd7 5. b3 Bxf3 6. Bxf3 e5 7. fxe5 Nxe5 8. O-O Bd6 9. Bb2 Qe7 10. Nc3 c6 11. Kh1 O-O 12. d4 Nxf3 13. Qxf3 Rae8 14. Rae1 Ne4 15. Nxe4 Qxe4 16. Rf2 f5 17. c4 Qxf3 18. gxf3 Re6 19. Bc3 Rfe8 20. Rfe2 f4 21. e4 dxe4 22. Rxe4 Kf7 23. Kg2 g6 24. Kh3 h5 25. Bd2 Rxe4 26. fxe4 g5 27. e5 Bc7 28. Kg2 c5 29. h4 cxd4 30. hxg5 Rxe5 31. Rxe5 Bxe5 32. Kf3 d3 33. Ke4 Bc7 34. Kxd3 Kg6 35. Ke4 Kxg5 36. Kf3 h4 37. a4 h3 38. b4 Kf5 39. c5 h2 40. Kg2 f3+ 41. Kh1 f2 0-1

[Event "Hull CC-chB"]
[Site "Gatineau CAN"]
[Date "2009.04.14"]
[Round "1"]
[White "Lavergne, Daniel"]
[Black "Jiang, Qizhe"]
[Result "0-1"]
[WhiteElo "1608"]
[BlackElo "1046"]
[PlyCount "60"]
[GameId "2160767910157247"]
[EventDate "2009.04.14"]
[EventType "swiss"]
[EventRounds "5"]
[EventCountry "CAN"]
[SourceTitle "EXT 2011"]
[Source "ChessBase"]
[SourceDate "2011.11.26"]
[SourceVersion "1"]
[SourceVersionDate "2011.11.26"]
[SourceQuality "1"]

1. e4 e5 2. Nf3 Nc6 3. Bc4 Bc5 4. c3 Nf6 5. d3 O-O 6. O-O d5 7. exd5 Nxd5 8. b4 e4 9. dxe4 Nb6 10. Bxf7+ Rxf7 11. Qxd8+ Nxd8 12. bxc5 Nc4 13. Nbd2 Nxd2 14. Nxd2 Bd7 15. f4 Ne6 16. Nb3 Bb5 17. Rf2 Raf8 18. g3 Ng5 19. Kg2 Nxe4 20. Rf3 Bc6 21. Na5 Ng5 22. Nxc6 Nxf3 23. Kxf3 bxc6 24. Rb1 Rd8 25. Be3 Rd3 26. Rb8+ Rf8 27. Rxf8+ Kxf8 28. Ke4 Rxc3 29. Bd4 Rc2 30. Ke5 Kf7 0-1

[Event "Hull CC-chB"]
[Site "Gatineau CAN"]
[Date "2009.04.14"]
[Round "1"]
[White "Levesque, Andre"]
[Black "Lacourse, Guy"]
[Result "0-1"]
[WhiteElo "1302"]
[BlackElo "1614"]
[PlyCount "84"]
[GameId "2160767910157248"]
[EventDate "2009.04.14"]
[EventType "swiss"]
[EventRounds "5"]
[EventCountry "CAN"]
[SourceTitle "EXT 2011"]
[Source "ChessBase"]
[SourceDate "2011.11.26"]
[SourceVersion "1"]
[SourceVersionDate "2011.11.26"]
[SourceQuality "1"]

1. e4 c5 2. Nc3 Nc6 3. f4 d6 4. Nf3 e5 5. fxe5 dxe5 6. Bb5 Bg4 7. Bxc6+ bxc6 8. O-O Qc7 9. d3 Be7 10. Qe1 Rb8 11. Qg3 Nf6 12. Nxe5 Bd6 13. Bf4 Nh5 14. Qxg4 Nxf4 15. Nc4 Ne6 16. Nxd6+ Qxd6 17. b3 Qd4+ 18. Rf2 Qxc3 19. Raf1 O-O 20. Qg3 Qd4 21. Kh1 Rbd8 22. h4 g6 23. h5 Qg7 24. hxg6 Qh6+ 25. Kg1 fxg6 26. Qe5 Nd4 27. Qxc5 Rxf2 28. Qc4+ Kh8 29. Rxf2 Qe3 30. Qf7 Qc1+ 31. Kh2 Qh6+ 32. Kg1 Qg7 33. Qc4 Qh6 34. g3 Qh3 35. Rf8+ Rxf8 36. Qxd4+ Kg8 37. Qc4+ Kg7 38. Qd4+ Rf6 39. Qxa7+ Kh6 40. Qe3+ g5 41. Qe2 Qxg3+ 42. Kh1 Rf2 0-1

[Event "Hull CC-chB"]
[Site "Gatineau CAN"]
[Date "2009.04.14"]
[Round "1"]
[White "Libersan, Mattieu"]
[Black "Labelle, Raymond"]
[Result "1-0"]
[WhiteElo "1872"]
[BlackElo "1378"]
[PlyCount "39"]
[GameId "2160767910157249"]
[EventDate "2009.04.14"]
[EventType "swiss"]
[EventRounds "5"]
[EventCountry "CAN"]
[SourceTitle "EXT 2011"]
[Source "ChessBase"]
[SourceDate "2011.11.26"]
[SourceVersion "1"]
[SourceVersionDate "2011.11.26"]
[SourceQuality "1"]

1. e4 e5 2. Nf3 Nc6 3. Bc4 Bc5 4. c3 Nf6 5. d4 exd4 6. cxd4 Bb4+ 7. Nc3 Nxe4 8. O-O Nxc3 9. bxc3 Bxc3 10. Qb3 Bxa1 11. Bxf7+ Kf8 12. Bg5 Nxd4 13. Qa3+ d6 14. Bxd8 Kxf7 15. Rxa1 Ne2+ 16. Kf1 Ng3+ 17. hxg3 Rxd8 18. Qb3+ Kf8 19. Ng5 h6 20. Qf7# 1-0

[Event "Hull CC-chB"]
[Site "Gatineau CAN"]
[Date "2009.04.14"]
[Round "1"]
[White "MacIsaac, Alexandre"]
[Black "Chartrand, Jean Bruno"]
[Result "0-1"]
[WhiteElo "1488"]
[BlackElo "1986"]
[PlyCount "96"]
[GameId "2160767910157250"]
[EventDate "2009.04.14"]
[EventType "swiss"]
[EventRounds "5"]
[EventCountry "CAN"]
[SourceTitle "EXT 2011"]
[Source "ChessBase"]
[SourceDate "2011.11.26"]
[SourceVersion "1"]
[SourceVersionDate "2011.11.26"]
[SourceQuality "1"]

1. e4 Nf6 2. e5 Nd5 3. d4 d6 4. exd6 cxd6 5. c4 Nb6 6. Nc3 g6 7. Be3 Bg7 8. c5 dxc5 9. dxc5 Qxd1+ 10. Rxd1 Bxc3+ 11. bxc3 N6d7 12. Bc4 O-O 13. Nf3 Nf6 14. Bh6 Re8 15. O-O e6 16. Bg5 Ne4 17. Rd8 Rxd8 18. Bxd8 a6 19. Ne5 Nxc5 20. Rd1 Nbd7 21. Nxd7 Bxd7 22. Be7 Ba4 23. Rd4 Rc8 24. Bxc5 Rxc5 25. Bxa6 Rxc3 26. Rxa4 bxa6 27. Kf1 Rc6 28. Ke2 Rd6 29. Ke3 Kg7 30. Rd4 Rb6 31. Ra4 f5 32. h4 e5 33. g4 Kf6 34. g5+ Ke6 35. Ra5 f4+ 36. Ke4 Rb4+ 37. Kf3 Kf5 38. Rxa6 e4+ 39. Ke2 Rb2+ 40. Ke1 Kg4 41. a4 Kf3 42. Rf6 Re2+ 43. Kf1 Rxf2+ 44. Ke1 Ra2 45. Rf7 e3 46. Rd7 Ra1+ 47. Rd1 Rxd1+ 48. Kxd1 Kf2 0-1

[Event "Hull CC-chB"]
[Site "Gatineau CAN"]
[Date "2009.04.14"]
[Round "1"]
[White "Rainey, Ivan"]
[Black "Desjardins, Michel"]
[Result "0-1"]
[WhiteElo "1437"]
[BlackElo "1939"]
[PlyCount "72"]
[GameId "2160767910157251"]
[EventDate "2009.04.14"]
[EventType "swiss"]
[EventRounds "5"]
[EventCountry "CAN"]
[SourceTitle "EXT 2011"]
[Source "ChessBase"]
[SourceDate "2011.11.26"]
[SourceVersion "1"]
[SourceVersionDate "2011.11.26"]
[SourceQuality "1"]

1. d4 d5 2. c4 c6 3. Nf3 dxc4 4. a4 e6 5. e3 b5 6. axb5 cxb5 7. Nc3 Bb4 8. Bd2 Qb6 9. b3 Bxc3 10. Bxc3 b4 11. Bb2 c3 12. Bc1 Nf6 13. Ne5 Bb7 14. f3 O-O 15. Nc4 Qc7 16. e4 h6 17. e5 Nd5 18. Bd3 Nc6 19. g4 Nxd4 20. Rf1 Nc6 21. Qe2 Qe7 22. Qe4 Qh4+ 23. Kd1 g6 24. Nd6 Rab8 25. Nxf7 Rxf7 26. Qxg6+ Rg7 27. Qxe6+ Kh8 28. Qxd5 Rd8 29. Qc5 Rxd3+ 30. Kc2 Qd8 31. Bxh6 Rgd7 32. Qf8+ Qxf8 33. Bxf8 Rd2+ 34. Kc1 Nd4 35. Re1 Nxb3+ 36. Kb1 Rb2# 0-1

[Event "Hull CC-chB"]
[Site "Gatineau CAN"]
[Date "2009.04.14"]
[Round "1"]
[White "Wright, William"]
[Black "Lemieux, Richard"]
[Result "0-1"]
[WhiteElo "1092"]
[BlackElo "1653"]
[PlyCount "60"]
[GameId "2160767910157252"]
[EventDate "2009.04.14"]
[EventType "swiss"]
[EventRounds "5"]
[EventCountry "CAN"]
[SourceTitle "EXT 2011"]
[Source "ChessBase"]
[SourceDate "2011.11.26"]
[SourceVersion "1"]
[SourceVersionDate "2011.11.26"]
[SourceQuality "1"]

1. d4 Nf6 2. c4 e5 3. Nc3 Bb4 4. a3 Bxc3+ 5. bxc3 O-O 6. Nf3 e4 7. Nd2 e3 8. fxe3 Re8 9. Qc2 Rxe3 10. Nf3 Re8 11. e3 d6 12. Bd3 h6 13. O-O Nc6 14. Rb1 b6 15. d5 Ne5 16. Nxe5 Rxe5 17. e4 Qe7 18. Bf4 Rh5 19. Be2 Bg4 20. Rbe1 g5 21. Bxg4 Nxg4 22. Qe2 gxf4 23. Qxg4+ Rg5 24. Qxf4 Rf8 25. Rf2 Qe5 26. Qh4 Qxc3 27. Ref1 Qg7 28. Rf4 Rxg2+ 29. Kh1 Rg6 30. Qh3 Qd4 0-1

[Event "Hull CC-chB"]
[Site "Gatineau CAN"]
[Date "2009.04.21"]
[Round "2"]
[White "Arsenault, Yves"]
[Black "Wright, William"]
[Result "1-0"]
[WhiteElo "1430"]
[BlackElo "1092"]
[PlyCount "45"]
[GameId "2160767910157253"]
[EventDate "2009.04.14"]
[EventType "swiss"]
[EventRounds "5"]
[EventCountry "CAN"]
[SourceTitle "EXT 2011"]
[Source "ChessBase"]
[SourceDate "2011.11.26"]
[SourceVersion "1"]
[SourceVersionDate "2011.11.26"]
[SourceQuality "1"]

1. e4 c6 2. d4 d5 3. e5 Bf5 4. Bd3 Bxd3 5. Qxd3 e6 6. Nf3 Be7 7. Be3 Qb6 8. b3 Nd7 9. Nbd2 f6 10. O-O O-O-O 11. c4 Qa6 12. Qc3 c5 13. cxd5 exd5 14. dxc5 d4 15. Bxd4 fxe5 16. Nxe5 Nxe5 17. Bxe5 Qh6 18. Bxg7 Qxd2 19. Qxd2 Rxd2 20. Bxh8 Bxc5 21. Rac1 b6 22. b4 h5 23. Rxc5+ 1-0

[Event "Hull CC-chB"]
[Site "Gatineau CAN"]
[Date "2009.04.21"]
[Round "2"]
[White "Baril Boudreau, Felix"]
[Black "Guimond, Michel"]
[Result "0-1"]
[WhiteElo "1546"]
[BlackElo "1907"]
[PlyCount "68"]
[GameId "2160767910157254"]
[EventDate "2009.04.14"]
[EventType "swiss"]
[EventRounds "5"]
[EventCountry "CAN"]
[SourceTitle "EXT 2011"]
[Source "ChessBase"]
[SourceDate "2011.11.26"]
[SourceVersion "1"]
[SourceVersionDate "2011.11.26"]
[SourceQuality "1"]

1. d4 c5 2. d5 e5 3. e4 d6 4. c4 g6 5. Bd3 Bg7 6. Nc3 Nh6 7. Nf3 O-O 8. O-O a6 9. Bg5 f6 10. Be3 f5 11. Bg5 Qe8 12. Qd2 f4 13. Bxh6 Bxh6 14. h3 g5 15. Nh2 Nd7 16. Ng4 Bg7 17. Be2 h5 18. Nh2 Nf6 19. f3 Kh7 20. a3 Bh6 21. Qd1 Bd7 22. b4 b6 23. bxc5 bxc5 24. Rb1 Rg8 25. Rb6 Bf8 26. Rf2 Be7 27. Kf1 Qc8 28. Ke1 Qc7 29. Qb3 Bb5 30. Rxb5 axb5 31. cxb5 Qa5 32. a4 Nd7 33. Bc4 Nb6 34. Ra2 Qb4 0-1

[Event "Hull CC-chB"]
[Site "Gatineau CAN"]
[Date "2009.04.21"]
[Round "2"]
[White "Berthiaume, Serge"]
[Black "MacIsaac, Alexandre"]
[Result "1-0"]
[WhiteElo "1303"]
[BlackElo "1488"]
[PlyCount "111"]
[GameId "2160767910157255"]
[EventDate "2009.04.14"]
[EventType "swiss"]
[EventRounds "5"]
[EventCountry "CAN"]
[SourceTitle "EXT 2011"]
[Source "ChessBase"]
[SourceDate "2011.11.26"]
[SourceVersion "1"]
[SourceVersionDate "2011.11.26"]
[SourceQuality "1"]

1. d4 d5 2. Nf3 Nf6 3. Bf4 Bg4 4. e3 Nh5 5. Bg3 Nxg3 6. hxg3 e6 7. Be2 c5 8. c3 Qb6 9. Qd2 Nc6 10. Bd3 c4 11. Be2 a5 12. Ng5 Bxe2 13. Qxe2 h6 14. Qc2 a4 15. a3 Be7 16. Nf3 Na5 17. Nbd2 Nb3 18. Nxb3 Qxb3 19. Qc1 Ra6 20. Nd2 Qb5 21. O-O h5 22. Rb1 h4 23. Nf3 hxg3 24. fxg3 Bd6 25. Kf2 f6 26. Rh1 Rxh1 27. Qxh1 Bf8 28. Qh5+ Ke7 29. Qg6 Qe8 30. Qg4 Qf7 31. Qf4 Rd6 32. Re1 g5 33. Qg4 Qg6 34. Re2 Bh6 35. Nh4 Qe4 36. Qh5 gxh4 37. Qxh6 Qf5+ 38. Kg1 hxg3 39. Qg7+ Kd8 40. Qxg3 Rd7 41. Qb8+ Ke7 42. Qa7 Qb1+ 43. Kf2 Qf5+ 44. Ke1 Qb1+ 45. Kf2 Qd1 46. Qc5+ Kf7 47. Qc8 Re7 48. Qh8 Qb3 49. Kg3 f5 50. Kf4 Re8 51. Qh7+ Kf8 52. g4 Qd1 53. Qh2 Qd3 54. Ke5 Qe4+ 55. Kf6 Qxg4 56. Qh8+ 1-0

[Event "Hull CC-chB"]
[Site "Gatineau CAN"]
[Date "2009.04.21"]
[Round "2"]
[White "Chartrand, Jean Bruno"]
[Black "Beriault, Silvain"]
[Result "1-0"]
[WhiteElo "1986"]
[BlackElo "1699"]
[PlyCount "43"]
[GameId "2160767910157256"]
[EventDate "2009.04.14"]
[EventType "swiss"]
[EventRounds "5"]
[EventCountry "CAN"]
[SourceTitle "EXT 2011"]
[Source "ChessBase"]
[SourceDate "2011.11.26"]
[SourceVersion "1"]
[SourceVersionDate "2011.11.26"]
[SourceQuality "1"]

1. d4 d5 2. c4 e6 3. Nc3 Nf6 4. Nf3 Nbd7 5. e3 c6 6. Bd3 dxc4 7. Bxc4 Be7 8. O-O O-O 9. e4 Qc7 10. Bg5 e5 11. d5 Nb6 12. Bb3 cxd5 13. exd5 a6 14. Rc1 Qd6 15. Qe2 Nfxd5 16. Rfd1 Bxg5 17. Nxg5 Nxc3 18. Rxc3 Qe7 19. Qh5 h6 20. Nxf7 Rxf7 21. Bxf7+ Qxf7 22. Rd8+ 1-0

[Event "Hull CC-chB"]
[Site "Gatineau CAN"]
[Date "2009.04.21"]
[Round "2"]
[White "Dagenais, Benoit"]
[Black "Rainey, Ivan"]
[Result "1/2-1/2"]
[WhiteElo "1138"]
[BlackElo "1437"]
[PlyCount "45"]
[GameId "2160767910157257"]
[EventDate "2009.04.14"]
[EventType "swiss"]
[EventRounds "5"]
[EventCountry "CAN"]
[SourceTitle "EXT 2011"]
[Source "ChessBase"]
[SourceDate "2011.11.26"]
[SourceVersion "1"]
[SourceVersionDate "2011.11.26"]
[SourceQuality "1"]

1. e4 e6 2. d4 d5 3. e5 c5 4. c3 Qb6 5. Qb3 Qxb3 6. axb3 cxd4 7. cxd4 a6 8. Nf3 Nc6 9. Bd2 Bb4 10. Bb5 Bxd2+ 11. Nbxd2 Bd7 12. O-O Rc8 13. Bxc6 Rxc6 14. Rfc1 Ne7 15. Rc3 O-O 16. Ne1 Rfc8 17. Rac1 f6 18. Ndf3 Ng6 19. Nd3 b6 20. g3 Rxc3 21. bxc3 fxe5 22. Nfxe5 Nxe5 23. Nxe5 1/2-1/2

[Event "Hull CC-chB"]
[Site "Gatineau CAN"]
[Date "2009.04.21"]
[Round "2"]
[White "Desjardins, Michel"]
[Black "Lacourse, Guy"]
[Result "1/2-1/2"]
[WhiteElo "1939"]
[BlackElo "1614"]
[PlyCount "83"]
[GameId "2160767910157258"]
[EventDate "2009.04.14"]
[EventType "swiss"]
[EventRounds "5"]
[EventCountry "CAN"]
[SourceTitle "EXT 2011"]
[Source "ChessBase"]
[SourceDate "2011.11.26"]
[SourceVersion "1"]
[SourceVersionDate "2011.11.26"]
[SourceQuality "1"]

1. e4 c5 2. Nc3 Nc6 3. g3 g6 4. Bg2 Bg7 5. d3 d6 6. Be3 Nd4 7. Qd2 Nf6 8. h3 O-O 9. Nce2 Nxe2 10. Nxe2 Rb8 11. O-O b5 12. f4 Qc7 13. g4 Bb7 14. Ng3 Nd7 15. c3 a6 16. Qf2 e5 17. f5 f6 18. h4 Bc6 19. Qd2 Rf7 20. Bh6 Rbf8 21. Rf2 Qc8 22. Raf1 Qe8 23. Kh1 Kh8 24. Be3 Kg8 25. Qc2 c4 26. dxc4 bxc4 27. Qd2 d5 28. exd5 Bb7 29. Ne4 Qb8 30. Bc5 Nxc5 31. Nxc5 Qd6 32. Ne4 Qb6 33. fxg6 hxg6 34. Qc2 Bc8 35. Qa4 Bd7 36. Qd1 Kh8 37. h5 gxh5 38. gxh5 f5 39. Ng5 Rf6 40. Bh3 Qd6 41. Bg2 Bh6 42. Nh3 1/2-1/2

[Event "Hull CC-chB"]
[Site "Gatineau CAN"]
[Date "2009.04.21"]
[Round "2"]
[White "Duret, Serge"]
[Black "Jani, Louis"]
[Result "0-1"]
[WhiteElo "1007"]
[BlackElo "1435"]
[PlyCount "56"]
[GameId "2160767910157259"]
[EventDate "2009.04.14"]
[EventType "swiss"]
[EventRounds "5"]
[EventCountry "CAN"]
[SourceTitle "EXT 2011"]
[Source "ChessBase"]
[SourceDate "2011.11.26"]
[SourceVersion "1"]
[SourceVersionDate "2011.11.26"]
[SourceQuality "1"]

1. e4 c5 2. Nf3 Nc6 3. d4 cxd4 4. Nxd4 e6 5. Nc3 Nf6 6. Bd3 d6 7. f3 Be7 8. Bd2 O-O 9. Nxc6 bxc6 10. O-O c5 11. Qc1 Qb6 12. Be3 Bd7 13. a4 Rab8 14. b3 d5 15. e5 d4 16. Bh6 Ne8 17. Ne4 f5 18. Ng3 gxh6 19. Qxh6 Ng7 20. Nh5 Nxh5 21. Qxh5 Be8 22. Qh6 Rf7 23. a5 Qc6 24. b4 Rxb4 25. Rfb1 Rg7 26. Rxb4 cxb4 27. c3 Bf8 28. cxd4 Rxg2+ 0-1

[Event "Hull CC-chB"]
[Site "Gatineau CAN"]
[Date "2009.04.21"]
[Round "2"]
[White "Groleau, Gilles"]
[Black "Beland, Guy"]
[Result "1-0"]
[WhiteElo "1885"]
[BlackElo "1291"]
[PlyCount "65"]
[GameId "2160767910157260"]
[EventDate "2009.04.14"]
[EventType "swiss"]
[EventRounds "5"]
[EventCountry "CAN"]
[SourceTitle "EXT 2011"]
[Source "ChessBase"]
[SourceDate "2011.11.26"]
[SourceVersion "1"]
[SourceVersionDate "2011.11.26"]
[SourceQuality "1"]

1. e4 e5 2. Nf3 Nc6 3. Bb5 a6 4. Ba4 Nf6 5. Qe2 Be7 6. O-O O-O 7. Bxc6 bxc6 8. Nxe5 Bb7 9. d3 d5 10. Nd2 Bd6 11. Ng4 Re8 12. Nxf6+ Qxf6 13. f3 Qh4 14. g3 Qh5 15. Qg2 c5 16. exd5 Bxd5 17. Ne4 Re6 18. Bd2 Rae8 19. Rae1 Be5 20. c3 f5 21. Nxc5 Rg6 22. d4 Bxg3 23. Rxe8+ Kf7 24. hxg3 Kxe8 25. Bf4 Rc6 26. Qe2+ Kf7 27. c4 Be4 28. Nxe4 fxe4 29. d5 Rf6 30. Qxe4 g5 31. Bxc7 Rh6 32. Qf5+ Rf6 33. Qg4 1-0

[Event "Hull CC-chB"]
[Site "Gatineau CAN"]
[Date "2009.04.21"]
[Round "2"]
[White "Jiang, Qizhe"]
[Black "Libersan, Mattieu"]
[Result "0-1"]
[WhiteElo "1046"]
[BlackElo "1872"]
[PlyCount "64"]
[GameId "2160767910157261"]
[EventDate "2009.04.14"]
[EventType "swiss"]
[EventRounds "5"]
[EventCountry "CAN"]
[SourceTitle "EXT 2011"]
[Source "ChessBase"]
[SourceDate "2011.11.26"]
[SourceVersion "1"]
[SourceVersionDate "2011.11.26"]
[SourceQuality "1"]

1. e4 c5 2. Nf3 d6 3. d4 cxd4 4. Nxd4 Nf6 5. Nc3 g6 6. Bc4 Bg7 7. Be3 O-O 8. Qd2 Nc6 9. O-O-O Ng4 10. f3 Nxe3 11. Qxe3 Nxd4 12. Rxd4 Bxd4 13. Qxd4 Be6 14. Nd5 Bxd5 15. Qxd5 e6 16. Qxb7 Qg5+ 17. Kb1 Qxg2 18. Rf1 Rfc8 19. Bd3 a5 20. a4 Qxh2 21. f4 Rab8 22. Qd7 Qg2 23. f5 Rxc2 24. Bxc2 Qxf1+ 25. Ka2 Qc4+ 26. Kb1 Qb4 27. b3 exf5 28. exf5 Qe1+ 29. Kb2 Qe5+ 30. Ka2 Qc3 31. Kb1 Rc8 32. Be4 Qxb3+ 0-1

[Event "Hull CC-chB"]
[Site "Gatineau CAN"]
[Date "2009.04.21"]
[Round "2"]
[White "Labelle, Raymond"]
[Black "Lavergne, Daniel"]
[Result "1-0"]
[WhiteElo "1378"]
[BlackElo "1608"]
[PlyCount "73"]
[GameId "2160767910157262"]
[EventDate "2009.04.14"]
[EventType "swiss"]
[EventRounds "5"]
[EventCountry "CAN"]
[SourceTitle "EXT 2011"]
[Source "ChessBase"]
[SourceDate "2011.11.26"]
[SourceVersion "1"]
[SourceVersionDate "2011.11.26"]
[SourceQuality "1"]

1. e4 c5 2. Nf3 d6 3. d4 cxd4 4. Nxd4 Nf6 5. Nc3 g6 6. Be3 Bg7 7. Be2 Nc6 8. O-O O-O 9. f4 e5 10. Nxc6 bxc6 11. f5 Nxe4 12. fxg6 hxg6 13. Nxe4 d5 14. Ng5 f5 15. Nf3 e4 16. Nd4 Bd7 17. Rb1 Qh4 18. Qe1 Qh8 19. c3 Be5 20. Bf4 Bxf4 21. Rxf4 g5 22. Qg3 Qg7 23. Rff1 f4 24. Qe1 c5 25. Nc2 Rf6 26. Rd1 Be6 27. Qf2 Rd8 28. Qxc5 f3 29. Bb5 fxg2 30. Rxf6 Qxf6 31. Re1 Qf3 32. Qe3 Bh3 33. Qxg5+ Kh7 34. Qh4+ Kg6 35. Qg3+ Kh5 36. Be2 Qxe2 37. Qxh3+ 1-0

[Event "Hull CC-chB"]
[Site "Gatineau CAN"]
[Date "2009.04.21"]
[Round "2"]
[White "Menard, Marc"]
[Black "Levesque, Andre"]
[Result "1-0"]
[WhiteElo "1476"]
[BlackElo "1302"]
[PlyCount "51"]
[GameId "2160767910157263"]
[EventDate "2009.04.14"]
[EventType "swiss"]
[EventRounds "5"]
[EventCountry "CAN"]
[SourceTitle "EXT 2011"]
[Source "ChessBase"]
[SourceDate "2011.11.26"]
[SourceVersion "1"]
[SourceVersionDate "2011.11.26"]
[SourceQuality "1"]

1. e4 c5 2. Nf3 Nc6 3. d4 cxd4 4. Nxd4 g6 5. Nc3 Bg7 6. Be3 Nf6 7. Nxc6 bxc6 8. f3 d6 9. Qd2 O-O 10. O-O-O Bd7 11. Bc4 Qc7 12. Bh6 Rab8 13. Bxg7 Kxg7 14. Rhe1 Rfd8 15. g4 Be8 16. h4 e6 17. h5 d5 18. h6+ Kf8 19. exd5 cxd5 20. Bb3 Bc6 21. Qd4 Ke7 22. g5 Nh5 23. Bxd5 Nf4 24. Qc5+ Rd6 25. Bxc6 Qxc6 26. Qxa7+ 1-0